Sworn to protect : Call of duty / DiAnn Mills.
Border Patrol Agent Danika Morales has sworn to protect the southern borders of our nation, but that oath has cost her. Two years ago, her husband, Toby, was killed trying to help the very immigrants Danika was responsible for sending back to Mexico. His murder was never solved. But now, a recent string of attacks and arrests leads her to believe that someone in McAllen is profiting from sneaking undocumented immigrants into the country . . . and it may somehow be tied to Toby’s death.
Record details
- ISBN: 9781414320519
- ISBN: 1414320515
- Physical Description: 386 pages ; 21 cm.
- Publisher: Carol Stream, Ill. : Tyndale House, ©2010.
Search for related items by subject
| Subject: | Border patrol agents > Fiction. Immigrants Murder Unsolved murders |
| Genre: | Christian fiction. Thrillers (Fiction) |
Search for related items by series
Available copies
- 1 of 1 copy available at scottsboropl.
Holds
- 0 current holds with 1 total copy.
Show Only Available Copies
| Location | Call Number / Copy Notes | Barcode | Shelving Location | Status | Due Date |
|---|---|---|---|---|---|
| scottsboropl | F Mil | 32269001266660 | Adult - Fiction | Available | - |
| LDR | 02459cam a2200505 a 4500 | ||
|---|---|---|---|
| 001 | 164868 | ||
| 003 | SBPL | ||
| 005 | 20241031105547.0 | ||
| 008 | 090810s2010 ilu 000 1 eng | ||
| 010 | . | ‡a 2009032537 | |
| 020 | . | ‡a9781414320519 ‡q(pbk.) | |
| 020 | . | ‡a1414320515 ‡q(pbk.) | |
| 035 | . | ‡a(OCoLC)430192652 ‡z(OCoLC)1102223896 | |
| 050 | 0 | 0. | ‡aPS3613.I567 ‡bS96 2010 |
| 082 | 0 | 0. | ‡a813/.6 ‡222 |
| 100 | 1 | . | ‡aMills, DiAnn. : ‡eauthor |
| 245 | 1 | 0. | ‡aSworn to protect : ‡bCall of duty / ‡cDiAnn Mills. |
| 260 | . | ‡aCarol Stream, Ill. : ‡bTyndale House, ‡c©2010. | |
| 300 | . | ‡a386 pages ; ‡c21 cm. | |
| 336 | . | ‡atext ‡btxt ‡2rdacontent | |
| 337 | . | ‡aunmediated ‡bn ‡2rdamedia | |
| 338 | . | ‡avolume ‡bnc ‡2rdacarrier | |
| 490 | 1 | . | ‡aCall of duty ; ‡vBk 2 |
| 520 | . | ‡aBorder Patrol Agent Danika Morales has sworn to protect the southern borders of our nation, but that oath has cost her. Two years ago, her husband, Toby, was killed trying to help the very immigrants Danika was responsible for sending back to Mexico. His murder was never solved. But now, a recent string of attacks and arrests leads her to believe that someone in McAllen is profiting from sneaking undocumented immigrants into the country . . . and it may somehow be tied to Toby’s death. | |
| 650 | 0. | ‡aBorder patrol agents ‡vFiction. | |
| 650 | 0. | ‡aImmigrants | |
| 650 | 0. | ‡aMurder | |
| 650 | 0. | ‡aUnsolved murders | |
| 655 | 7. | ‡aChristian fiction. ‡2lcgft | |
| 655 | 7. | ‡aThrillers (Fiction) ‡2lcgft | |
| 800 | 1 | . | ‡aMills, DiAnn. ‡tCall of duty ; ‡vBk 2. |
| 901 | . | ‡a164868 ‡bAUTOGEN ‡c164868 ‡tbiblio | |